| 000 | 00566nam a22002297a 4500 | ||
|---|---|---|---|
| 005 | 20260227150707.0 | ||
| 008 | 150303b2009 xxu||||| |||| 00| 0 ES d | ||
| 020 | _a9789707680043 | ||
| 041 | _aESP | ||
| 082 | _a364 R696cl | ||
| 100 |
_aRodríguez Manzanera, Luis _95025 |
||
| 245 | _aClásicos de la Criminología | ||
| 260 | _aMéxico | ||
| 260 | _bEditorial Ubijus | ||
| 260 | _c2006 | ||
| 300 | _a346 páginas | ||
| 490 | _aInvestigación Criminal | ||
| 650 | _aCRIMINOLOGÍA | ||
| 650 | _aDESIGUALDA | ||
| 650 | _aMEDICINA LEGAL | ||
| 942 |
_cBK _2ddc |
||
| 999 |
_c3563 _d3563 |
||